El tratado de Libre Comercio con Estados Unidos: más expectativas que resultados /

Đã lưu trong:
Chi tiết về thư mục
Tác giả chính: Díaz Arrivillaga, Efraín
Định dạng: Texto
Những chủ đề:
Các nhãn: Thêm thẻ
Không có thẻ, Là người đầu tiên thẻ bản ghi này!

MARC

LEADER 00000 a a2200000 04500
001 7208
003
040
100 |a Díaz Arrivillaga, Efraín  
245 |a El tratado de Libre Comercio con Estados Unidos:   |b más expectativas que resultados /  |c Efraín Díaz Arrivillaga  
650 |a TLC  
650 |a HONDURAS  
650 |a ESTADOS UNIDOS  
650 |a EVALUACION  
773 |g volumen 5, número 14; páginas14-16  
999 |c 21142  |d 21142